| 000 | 02100nas a22002895i 4500 | ||
|---|---|---|---|
| 001 | 1534-6307 | ||
| 003 | DE-He213 | ||
| 005 | 20200203194332.0 | ||
| 007 | cr nn 008mamaa | ||
| 008 | 150723s||||||||xxuuu poo|||||| b|EN |d | ||
| 022 | _a1534-6307 | ||
| 024 | 7 |
_a10.1007/11926.1534-6307 _2doi |
|
| 210 | 1 | 0 | _aCurr Rheumatol Rep |
| 245 | 1 | 0 |
_aCurrent Rheumatology Reports _h[electronic resource] / _cedited by Bruce N Cronstein. |
| 264 | 1 |
_aNew York : _bSpringer US : _bImprint: Springer. |
|
| 300 | _bonline resource. | ||
| 520 | _aThis journal aims to review the most important, recently published research in the field of rheumatology. By providing clear, insightful, balanced contributions by international experts, the journal intends to serve all those involved in the care and prevention of rheumatologic conditions. We accomplish this aim by appointing international authorities to serve as Section Editors in key subject areas such as the many forms of arthritis, osteoporosis and metabolic bone disease, and systemic lupus erythematosus. Section Editors, in turn, select topics for which leading experts contribute comprehensive review articles that emphasize new developments and recently published papers of major importance, highlighted by annotated reference lists. An international Editorial Board reviews the annual table of contents, suggests articles of special interest to their country/region, and ensures that topics are current and include emerging research. Commentaries from well-known figures in the field are also occasionally provided. . | ||
| 650 | 0 | _aRheumatology. | |
| 650 | 1 | 4 |
_aRheumatology. _0http://scigraph.springernature.com/things/product-market-codes/H33170 |
| 700 | 1 |
_aCronstein, Bruce N. _eeditor. _4edt _4http://id.loc.gov/vocabulary/relators/edt |
|
| 710 | 2 | _aSpringerLink (Online service) | |
| 776 | 0 | 8 |
_iPrinted version: _x1523-3774 |
| 856 | 4 | 0 |
_uhttps://doi.org/10.1007/11926.1534-6307 _zHybrid |
| 999 |
_c456750 _d456750 |
||
| 942 | _cEMG | ||